Normal view
MARC view
Entry Personal Name
001 - CONTROL NUMBER
- control field: 698976
003 - CONTROL NUMBER IDENTIFIER
- control field: OSt
005 - DATE AND TIME OF LATEST TRANSACTION
- control field: 20221007082306.0
008 - FIXED-LENGTH DATA ELEMENTS
- fixed length control field: 221007|| aca||aabn | a|a d
040 ## - CATALOGING SOURCE
- Original cataloging agency: OSt
- Transcribing agency: OSt
100 ## - HEADING--PERSONAL NAME
- Personal name: Rustam R. Au
670 ## - SOURCE DATA FOUND
- Source citation: Work cat.: (OSt)1165949: Rustam R. Au., Law of literery and dramatic copyrights in a hut-shell, 1975
